| 000 | 00406nam a2200157 a 4500 | ||
|---|---|---|---|
| 005 | 20140412111247.0 | ||
| 008 | 010404s19uu xx 00 eng d | ||
| 050 |
_aTR(GS 510 _bB63 1987 |
||
| 245 | _aInvitation to mathematics, K-8. | ||
| 250 | _aTeacher's Edition | ||
| 260 | _bScott, Foresman Company. | ||
| 300 | _a477 p. | ||
| 440 | _aScottForesman | ||
| 650 | _aMathematics, K-8 | ||
| 999 |
_c102959 _d102959 |
||